| 000 | 00606nam a22001937a 4500 | ||
|---|---|---|---|
| 003 | |||
| 005 | 20260415140820.0 | ||
| 008 | 260415s2025\\\\xx\\\\\\\\\\\\000\0\und\d | ||
| 040 | _c | ||
| 041 | _aMAR | ||
| 100 | _aडॉ. निलेश केदारी शेळके | ||
| 245 | _aहोळकर शाहीतील कोशिक लेख | ||
| 250 | _a२०२५ | ||
| 260 |
_aकोल्हापूर _bडॉ. व्ही. एन. शिंदे _c२०२५ |
||
| 300 | _a१-१५८ | ||
| 500 | _aBVYCLCK | ||
| 650 | _aOther,होळकर | ||
| 942 |
_2ddc _cBK _n0 |
||
| 999 |
_c1220294 _d1220294 |
||